[Event "4NCL Div 2 2024-25"]
[Site "England ENG"]
[Date "2025.01.26"]
[Round "4.31"]
[White "Bowcott-Terry, Finlay"]
[Black "Gayson, Peter M"]
[Result "1-0"]
[BlackTitle "FM"]
[WhiteElo "2202"]
[BlackElo "2059"]
[WhiteTeam "Warwickshire Select 1"]
[BlackTeam "Chessable White Rose 2"]
[WhiteFideId "449199"]
[BlackFideId "401838"]
[EventDate "2024.11.23"]

1. d4 f5 2. Bg5 g6 3. g4 fxg4 4. h3 g3 5. fxg3 Nf6 6. Bg2 d5 7. c4 c6 8. cxd5
cxd5 9. Nc3 e6 10. e4 dxe4 11. Qa4+ Bd7 12. Qb3 Be7 13. Bxf6 Bxf6 14. Bxe4 Nc6
15. O-O-O Nxd4 16. Qxb7 Rb8 17. Qxa7 Nb5 18. Nxb5 Rxb5 19. Bc6 Bxc6 20. Rxd8+
Bxd8 21. Rh2 O-O 22. Rf2 Bg5+ 23. Kd1 Rxf2 24. Qxf2 Rd5+ 25. Kc2 Rf5 26. Qb6
Be4+ 27. Kd1 Rd5+ 28. Ke1 Bd2+ 29. Ke2 Ba5 30. Qxe6+ Kg7 31. Qxe4 Rd2+ 32. Ke3 1-0

[Event "4NCL Div 2 2024-25"]
[Site "England ENG"]
[Date "2025.01.26"]
[Round "4.32"]
[White "Dunn, Andrew"]
[Black "Shearsby, Jude"]
[Result "0-1"]
[WhiteTitle "CM"]
[BlackTitle "CM"]
[WhiteElo "2057"]
[BlackElo "2152"]
[WhiteTeam "Chessable White Rose 2"]
[BlackTeam "Warwickshire Select 1"]
[WhiteFideId "401960"]
[BlackFideId "462527"]
[EventDate "2024.11.23"]

1. d4 Nf6 2. c4 g6 3. h4 Bg7 4. Nc3 d5 5. h5 Nxh5 6. cxd5 e6 7. g4 Nf6 8. dxe6
Bxe6 9. e4 Bxg4 10. f3 Bh5 11. Bg5 h6 12. Be3 Nc6 13. Qd2 Qe7 14. O-O-O O-O-O
15. Qf2 a6 16. Nge2 Kb8 17. Nf4 Qe8 18. e5 Nxe5 19. dxe5 Rxd1+ 20. Kxd1 Qxe5 21.
Kc1 Re8 22. Ba7+ Ka8 23. Nd3 Qf5 24. Bd4 Bxf3 25. Rh3 Bg4 26. Qxf5 Bxf5 27. Rf3
h5 28. Kc2 h4 29. Bg2 Rh8 30. Bh1 Rd8 31. Bf2 Ng4 32. Bxh4 Rh8 0-1

[Event "4NCL Div 2 2024-25"]
[Site "England ENG"]
[Date "2025.01.26"]
[Round "4.33"]
[White "Baker, Chris W"]
[Black "Walton, Alan J"]
[Result "1/2-1/2"]
[WhiteTitle "IM"]
[BlackTitle "CM"]
[WhiteElo "2151"]
[BlackElo "2020"]
[WhiteTeam "Warwickshire Select 1"]
[BlackTeam "Chessable White Rose 2"]
[WhiteFideId "401676"]
[BlackFideId "409898"]
[EventDate "2024.11.23"]

1. e4 e6 2. Nf3 d5 3. Nc3 Nf6 4. e5 Nfd7 5. d4 c5 6. dxc5 Nc6 7. Bf4 Bxc5 8. Bd3
f6 9. exf6 Qxf6 10. Bg5 Qf7 11. O-O O-O 12. Bh4 h6 13. Bg3 a6 14. Qe2 Nd4 15.
Nxd4 Bxd4 16. Bd6 Rd8 17. Rae1 Nc5 18. Be5 Bxe5 19. Qxe5 Nxd3 20. cxd3 Bd7 21.
f4 Rac8 22. Rf2 Qf6 23. Qxf6 gxf6 24. f5 Kf7 25. fxe6+ Bxe6 26. Ref1 f5 27. Ne2
Rc2 28. Nd4 Rxf2 29. Rxf2 Kf6 30. g4 Ke5 31. Nxe6 Kxe6 32. Rxf5 Rc8 33. Rh5 Rc2
34. d4 Rxb2 35. Rxh6+ Ke7 36. g5 Rd2 37. Rh4 Kf7 38. Rf4+ Kg6 39. h4 Kh5 40. Rf6
Kxh4 41. g6 Rxd4 42. Kf2 Kh5 43. g7 1/2-1/2

[Event "4NCL Div 2 2024-25"]
[Site "England ENG"]
[Date "2025.01.26"]
[Round "4.34"]
[White "Wall, Tim P"]
[Black "Valdepenas Octavio, Javier"]
[Result "0-1"]
[WhiteTitle "FM"]
[BlackTitle "CM"]
[WhiteElo "2150"]
[BlackElo "2168"]
[WhiteTeam "Chessable White Rose 2"]
[BlackTeam "Warwickshire Select 1"]
[WhiteFideId "401641"]
[BlackFideId "32051506"]
[EventDate "2024.11.23"]

1. e4 e5 2. Nf3 Nc6 3. Bb5 a6 4. Ba4 Nf6 5. d3 d6 6. c3 g6 7. O-O Bg7 8. Re1 O-O
9. b4 b5 10. Bc2 a5 11. bxa5 Rxa5 12. Nbd2 Be6 13. Nb3 Ra6 14. d4 exd4 15. cxd4
Bg4 16. h3 Bxf3 17. Qxf3 Nd7 18. Be3 Nb4 19. Bb1 c5 20. a3 Nc6 21. Rd1 c4 22.
Nc1 Qa8 23. h4 Rc8 24. h5 Rxa3 25. Rxa3 Qxa3 26. Qg4 Rd8 27. Bg5 Bf6 28. Bxf6
Nxf6 29. Qh4 Nxh5 30. d5 Qa4 31. Rd2 Qb4 32. dxc6 Rf8 33. Qg5 Qxb1 34. Rxd6 Ng7
35. f3 Ne6 36. Qd2 b4 37. Kh2 Qa1 38. Rd5 b3 39. Rb5 c3 0-1

[Event "4NCL Div 2 2024-25"]
[Site "England ENG"]
[Date "2025.01.26"]
[Round "4.35"]
[White "Pitcher, John"]
[Black "Wills, Tom"]
[Result "1-0"]
[WhiteElo "2137"]
[BlackElo "1991"]
[WhiteTeam "Warwickshire Select 1"]
[BlackTeam "Chessable White Rose 2"]
[WhiteFideId "411485"]
[BlackFideId "458651"]
[EventDate "2024.11.23"]

1. e4 c5 2. Nf3 d6 3. Bb5+ Bd7 4. Bxd7+ Nxd7 5. O-O Ngf6 6. Qe2 e6 7. d4 cxd4 8.
Nxd4 Be7 9. c4 Qa5 10. Nc3 Rc8 11. Nc2 a6 12. Bd2 Qc7 13. b3 O-O 14. Rac1 Rfe8
15. Kh1 d5 16. f4 dxc4 17. e5 Nd5 18. Nxd5 exd5 19. Ne3 Ba3 20. Rc2 Nb6 21. Ba5
Red8 22. Rd1 Qc5 23. Bxb6 Qxb6 24. Nxd5 Qa5 25. Rxc4 Rxc4 26. Qxc4 Bf8 27. h3 h6
28. f5 Qxa2 29. e6 b5 30. Qg4 Rxd5 31. Rxd5 Qxb3 32. Rd8 Qe3 33. exf7+ Kxf7 34.
Qg6+ Kg8 35. Qe6+ 1-0

[Event "4NCL Div 2 2024-25"]
[Site "England ENG"]
[Date "2025.01.26"]
[Round "4.36"]
[White "Edwards-Wright, Miles D"]
[Black "Dicen, Elis Denele"]
[Result "1/2-1/2"]
[BlackTitle "WFM"]
[WhiteElo "1963"]
[BlackElo "2129"]
[WhiteTeam "Chessable White Rose 2"]
[BlackTeam "Warwickshire Select 1"]
[WhiteFideId "424072"]
[BlackFideId "462560"]
[EventDate "2024.11.23"]

1. c4 e6 2. Nc3 d5 3. cxd5 exd5 4. d4 c6 5. g3 Nf6 6. Bg2 Bd6 7. Nf3 O-O 8. O-O
Bf5 9. Nh4 Be6 10. Qc2 Na6 11. a3 Nc7 12. Nf5 Bxf5 13. Qxf5 Ne6 14. Qd3 Re8 15.
e4 dxe4 16. Nxe4 Nxe4 17. Bxe4 g6 18. Bg2 Bf8 19. Be3 Bg7 20. Rad1 Qe7 21. Qb3
Rad8 22. d5 cxd5 23. Bxd5 b6 24. Bxe6 fxe6 25. Qb5 Qf7 26. Bg5 Rd5 27. Rxd5 exd5
28. Rd1 d4 29. Qd3 Rf8 30. Rf1 Qd5 31. Bc1 Rf3 32. Qd2 d3 33. Qb4 Bd4 34. Bd2 a5
35. Qe7 Rf7 36. Qe8+ Rf8 37. Qe7 Bc5 38. Qe1 Rd8 39. b4 axb4 40. axb4 Bf8 41.
Qe3 b5 42. Re1 Bg7 43. h4 Rf8 44. Rf1 Bd4 45. Qg5 Qf3 46. Be3 d2 47. Bxd4 d1=Q
48. Qe5 Qxf1+ 49. Kxf1 Kf7 50. Qc7+ Ke6 51. Qe5+ Kf7 52. Qc7+ Ke6 53. Qe5+ Kf7
54. Qc7+ 1/2-1/2

[Event "4NCL Div 2 2024-25"]
[Site "England ENG"]
[Date "2025.01.26"]
[Round "4.37"]
[White "Fellowes, Billy"]
[Black "Eagleton, Greg T"]
[Result "1/2-1/2"]
[WhiteTitle "CM"]
[WhiteElo "2203"]
[BlackElo "2009"]
[WhiteTeam "Warwickshire Select 1"]
[BlackTeam "Chessable White Rose 2"]
[WhiteFideId "483540"]
[BlackFideId "422460"]
[EventDate "2024.11.23"]

1. e4 c5 2. Nf3 d6 3. d4 cxd4 4. Qxd4 Bd7 5. Nc3 Nc6 6. Qe3 Nf6 7. Bb5 g6 8.
Bxc6 Bxc6 9. Nd4 Bg7 10. Nxc6 bxc6 11. O-O O-O 12. h3 c5 13. e5 Ne8 14. exd6
exd6 15. Rd1 Qh4 16. Qf3 Rd8 17. Ne4 Qe7 18. Bg5 f6 19. Bf4 d5 20. Nc3 d4 21.
Re1 Qd7 22. Ne4 Qd5 23. Qa3 c4 24. Rad1 Rf7 25. Qa4 Rfd7 26. Nd2 Rc8 27. Nf3 d3
28. cxd3 cxd3 29. Qa6 Rcd8 30. Re3 Bf8 31. Ne1 d2 32. Nf3 g5 33. Rxd2 Qf7 34.
Rxd7 Rxd7 35. Bg3 h5 36. h4 g4 37. Ne1 Ng7 38. Rd3 Re7 39. Nc2 Nf5 40. Qa5 Nxg3
41. Rxg3 Re5 42. Qa6 Bc5 43. Rd3 Kg7 44. Qa4 Kg6 45. Kf1 Qe6 46. Qb3 Qf5 47.
Qg8+ Kh6 48. Qh8+ Kg6 49. Qg8+ 1/2-1/2

[Event "4NCL Div 2 2024-25"]
[Site "England ENG"]
[Date "2025.01.26"]
[Round "4.38"]
[White "Jaufarally, Nadia"]
[Black "Fallowfield, Jeremy R"]
[Result "1-0"]
[WhiteElo "1939"]
[BlackElo "2052"]
[WhiteTeam "Chessable White Rose 2"]
[BlackTeam "Warwickshire Select 1"]
[WhiteFideId "443727"]
[BlackFideId "405450"]
[EventDate "2024.11.23"]

1. e4 c5 2. Nf3 Nc6 3. Bb5 g6 4. Bxc6 dxc6 5. O-O Bg7 6. d3 Nf6 7. a4 a5 8. Nc3
Bg4 9. h3 Bxf3 10. Qxf3 O-O 11. Be3 Qd6 12. Qe2 e5 13. Ra3 b6 14. Rb3 Rab8 15.
f4 Nh5 16. Qf3 Nxf4 17. Bxf4 exf4 18. Qxf4 Be5 19. Qg4 c4 20. dxc4 Qc5+ 21. Kh1
Qxc4 22. Qe2 Qe6 23. Qe3 Bc7 24. g4 Qe5 25. Rf2 Rbd8 26. Qf3 f6 27. Qe2 Rd4 28.
Ra3 Qg3 29. Nb5 Rd1+ 30. Qxd1 Qxf2 31. Nxc7 Qf4 32. Na6 Qxe4+ 33. Kg1 f5 34. Qd3
Qe1+ 35. Qf1 Qd2 36. Qc4+ Rf7 37. Rf3 Kf8 38. Qc3 Qd1+ 39. Rf1 1-0

[Event "4NCL Div 2 2024-25"]
[Site "England ENG"]
[Date "2025.01.26"]
[Round "4.41"]
[White "Gallagher, Daniel GH"]
[Black "Talsma, Paul"]
[Result "1-0"]
[WhiteElo "2226"]
[BlackElo "2036"]
[WhiteTeam "Cambridge University 1"]
[BlackTeam "Warwickshire Select 2"]
[WhiteFideId "436550"]
[BlackFideId "1018779"]
[EventDate "2024.11.23"]

1. Nf3 Nf6 2. c4 g6 3. Nc3 d5 4. cxd5 Nxd5 5. h4 h5 6. Qb3 Nb6 7. Ng5 e6 8. g3
Bg7 9. Bg2 O-O 10. O-O Nc6 11. Qd1 e5 12. a3 Bg4 13. b4 Rb8 14. Re1 Nd4 15. a4
c6 16. b5 Nd5 17. Nge4 Nxc3 18. Nxc3 c5 19. d3 b6 20. Rb1 Qd7 21. Be3 Rbd8 22.
Ne4 Rc8 23. Nd2 Bf5 24. Nc4 Be6 25. Qd2 Rfd8 26. Rec1 Bg4 27. Bxd4 exd4 28. a5
Qe6 29. Re1 Re8 30. axb6 axb6 31. Bc6 Rb8 32. Bxe8 Qxe8 33. Qf4 Be6 34. Qd6 Bf8
35. Qc7 1-0

[Event "4NCL Div 2 2024-25"]
[Site "England ENG"]
[Date "2025.01.26"]
[Round "4.42"]
[White "Mason, Donald J"]
[Black "Mihalik, Agoston"]
[Result "1/2-1/2"]
[WhiteElo "2011"]
[BlackElo "2140"]
[WhiteTeam "Warwickshire Select 2"]
[BlackTeam "Cambridge University 1"]
[WhiteFideId "405116"]
[BlackFideId "719021"]
[EventDate "2024.11.23"]

1. e4 c5 2. Nf3 e6 3. c3 d5 4. e5 d4 5. d3 Nc6 6. g3 Nge7 7. Bg2 Ng6 8. Qe2 dxc3
9. bxc3 Qc7 10. Na3 Ncxe5 11. Nxe5 Qxe5 12. Nb5 Qxe2+ 13. Kxe2 Kd8 14. h4 h5 15.
Be4 f5 16. Bg5+ Kd7 17. Bg2 a6 18. Na3 Kc7 19. Nc4 Rb8 20. a4 Bd7 21. Rhb1 Be7
22. Ne5 Nxe5 23. Bxe7 Bc6 24. Bxc6 Kxc6 25. d4 Nd7 26. a5 cxd4 27. Ra4 e5 28.
cxd4 Rhe8 29. Ba3 exd4+ 30. Kd1 b5 31. axb6 Rxb6 32. Rxb6+ Nxb6 33. Rxd4 Re6 34.
Rd8 g6 35. Rf8 Kb5 36. Rf7 a5 37. Rc7 Ka4 38. Bc1 Nd5 39. Rc5 Nb4 40. Rc3 Rc6
41. Rxc6 Nxc6 42. Ke2 Kb3 43. Ke3 Ne5 44. Kd4 Nc4 45. Bh6 a4 46. Bf8 Nb2 47. Ke5
Nd3+ 48. Kf6 Nb4 49. Kxg6 a3 50. Kxh5 a2 51. Bg7 Nd3 52. Ba1 Kc2 53. Kg6 Kb1 54.
Bf6 Nb2 55. h5 a1=Q 56. h6 Qa7 57. h7 1/2-1/2

[Event "4NCL Div 2 2024-25"]
[Site "England ENG"]
[Date "2025.01.26"]
[Round "4.43"]
[White "Goh, Jinghan Cameron"]
[Black "Pal, Rohan"]
[Result "1-0"]
[WhiteElo "2101"]
[BlackElo "1938"]
[WhiteTeam "Cambridge University 1"]
[BlackTeam "Warwickshire Select 2"]
[WhiteFideId "5804540"]
[BlackFideId "462489"]
[EventDate "2024.11.23"]

1. d4 d5 2. c4 e6 3. Nf3 Nf6 4. g3 Be7 5. Bg2 O-O 6. O-O c6 7. Nc3 Nbd7 8. Qd3
b6 9. e4 Ba6 10. b3 dxe4 11. Nxe4 b5 12. Nxf6+ Bxf6 13. Bf4 bxc4 14. bxc4 c5 15.
Rfd1 Rc8 16. Rac1 cxd4 17. Nxd4 Nc5 18. Qe3 Bxd4 19. Rxd4 Qa5 20. Be5 f6 21. Bd6
Rfe8 22. Rg4 Kf7 23. Rd1 Red8 24. Rgd4 Re8 25. Bf3 Bb7 26. Bh5+ Kg8 27. Bxe8
Rxe8 28. Bxc5 Qxc5 29. Rd8 Qc6 30. Rxe8+ Qxe8 31. Qc5 Bf3 32. Rd3 Be4 33. Rd4
Qb8 34. Qd6 Qb1+ 35. Rd1 Qxa2 36. Qxe6+ 1-0

[Event "4NCL Div 2 2024-25"]
[Site "England ENG"]
[Date "2025.01.26"]
[Round "4.44"]
[White "Vaidyanathan, Adithya"]
[Black "Manmay Chopra"]
[Result "1/2-1/2"]
[BlackTitle "CM"]
[WhiteElo "2041"]
[BlackElo "2156"]
[WhiteTeam "Warwickshire Select 2"]
[BlackTeam "Cambridge University 1"]
[WhiteFideId "495450"]
[BlackFideId "25649191"]
[EventDate "2024.11.23"]

1. d4 Nf6 2. Nf3 g6 3. c4 Bg7 4. Nc3 d6 5. e4 O-O 6. h3 e5 7. Be3 exd4 8. Nxd4
Nc6 9. Bd3 Re8 10. O-O Nd7 11. Bc2 Nf8 12. c5 Nxd4 13. Bxd4 Bxd4 14. Qxd4 Ne6
15. Qc4 Nxc5 16. b4 Be6 17. Qd4 Nd7 18. Ba4 Rf8 19. f4 Qf6 20. Qe3 Nb6 21. Bc2
Bc4 22. Rf2 Rfe8 23. Re1 Nd5 24. Nxd5 Bxd5 25. Qd2 Bc4 26. f5 g5 27. a4 Kh8 28.
Rf3 c6 29. Rg3 Rg8 30. Bd3 Qd4+ 31. Qf2 Qxf2+ 32. Kxf2 Bb3 33. a5 f6 34. Ba6
bxa6 35. Rxb3 Rab8 36. Rd1 Rgd8 37. Rbd3 Rxb4 38. Rxd6 Rxd6 39. Rxd6 Rxe4 40.
Rxc6 Rf4+ 41. Kg3 Rxf5 42. Rxa6 Kg7 43. Rxa7+ Kg6 44. Ra8 Rb5 45. a6 Ra5 46. a7
Kf5 47. Kf3 Ra3+ 48. Kf2 h5 49. g3 Ra2+ 50. Ke3 Ra6 51. Ke2 Re6+ 52. Kf2 Re7 53.
Kf1 Ke5 54. Kf2 Ke4 55. Rf8 Rxa7 56. Rxf6 Ra2+ 57. Kg1 Rb2 58. g4 h4 59. Rf5 Rd2
60. Rxg5 Kf4 61. Ra5 Rd1+ 62. Kf2 Rd2+ 63. Kg1 Rd1+ 64. Kf2 1/2-1/2

[Event "4NCL Div 2 2024-25"]
[Site "England ENG"]
[Date "2025.01.26"]
[Round "4.45"]
[White "Sivanandan, Bodhana"]
[Black "Paterson, Andrew I"]
[Result "1/2-1/2"]
[WhiteTitle "WFM"]
[WhiteElo "2073"]
[BlackElo "1957"]
[WhiteTeam "Cambridge University 1"]
[BlackTeam "Warwickshire Select 2"]
[WhiteFideId "497592"]
[BlackFideId "435724"]
[EventDate "2024.11.23"]

1. e4 c6 2. Nc3 d5 3. Nf3 Bg4 4. h3 Bxf3 5. Qxf3 Nf6 6. Be2 e6 7. d3 Bb4 8. O-O
Nbd7 9. a3 Bd6 10. Bf4 Bxf4 11. Qxf4 O-O 12. Rad1 d4 13. Nb1 c5 14. Qg3 e5 15.
Nd2 Qe7 16. Rde1 Rfe8 17. f4 exf4 18. Qxf4 Ne5 19. a4 Rac8 20. b3 Rc6 21. Rf2
Nfd7 22. Nf1 Rf6 23. Qh4 Rxf2 24. Qxf2 Nc6 25. Ng3 g6 26. Qf4 Nde5 27. Rf1 Rd8
28. h4 h5 29. Bd1 Rd6 30. Ne2 Kg7 31. Qg3 Ng4 32. Nf4 Ne3 33. Re1 Nxd1 34. Rxd1
Qe5 35. Rf1 Rf6 36. Qf2 Kg8 37. g3 Qd6 38. Qe2 Ne5 39. Nd5 Rxf1+ 40. Kxf1 Kg7
41. Kg2 Qd7 42. Qf2 Ng4 43. Qf4 Qd8 44. Qd2 b6 45. Qf4 Qd7 46. Qd2 Qd8 47. Qf4
Qd7 48. Qd2 Qd8 49. Qf4 1/2-1/2

[Event "4NCL Div 2 2024-25"]
[Site "England ENG"]
[Date "2025.01.26"]
[Round "4.46"]
[White "Patel, Keatan"]
[Black "Lee, Richard W Y"]
[Result "1-0"]
[WhiteElo "1947"]
[BlackElo "2090"]
[WhiteTeam "Warwickshire Select 2"]
[BlackTeam "Cambridge University 1"]
[WhiteFideId "477613"]
[BlackFideId "418781"]
[EventDate "2024.11.23"]

1. c4 e6 2. Nf3 d5 3. d4 Nf6 4. g3 Be7 5. Bg2 O-O 6. O-O Nbd7 7. Qc2 c6 8. Nbd2
b6 9. e4 Bb7 10. e5 Ne8 11. cxd5 cxd5 12. Re1 Rc8 13. Qd1 Ba6 14. Bf1 Bxf1 15.
Nxf1 Qc7 16. h4 Qc2 17. Qxc2 Rxc2 18. Ne3 Rc8 19. Bd2 g6 20. Rac1 Ng7 21. Ng4
Nf5 22. Nh6+ Kg7 23. Nxf5+ gxf5 24. Rxc8 Rxc8 25. Rc1 Rxc1+ 26. Bxc1 b5 27. Kf1
Nb8 28. Ke2 Nc6 29. Bd2 Kg6 30. Kd3 Nb4+ 31. Bxb4 Bxb4 32. a3 Be7 33. b4 Kh5 34.
Ke2 Kg4 35. Nh2+ Kh3 36. Nf1 f4 37. Kf3 fxg3 38. fxg3 Bf8 39. Nd2 h5 40. Nb1 a6
41. Nc3 Be7 42. Ne2 f6 43. Nf4+ Kh2 44. Nxh5 fxe5 45. dxe5 a5 46. bxa5 Bxa3 47.
a6 Bc5 48. Nf4 b4 49. Nd3 b3 50. h5 1-0

[Event "4NCL Div 2 2024-25"]
[Site "England ENG"]
[Date "2025.01.26"]
[Round "4.47"]
[White "Starley, Robert"]
[Black "Baer, Bruce L"]
[Result "1/2-1/2"]
[WhiteElo "2077"]
[BlackElo "1976"]
[WhiteTeam "Cambridge University 1"]
[BlackTeam "Warwickshire Select 2"]
[WhiteFideId "421006"]
[BlackFideId "488801"]
[EventDate "2024.11.23"]

1. e4 g6 2. d4 Bg7 3. Nc3 a6 4. Be3 d6 5. h4 Nf6 6. h5 Nxh5 7. Rxh5 gxh5 8. Qxh5
b5 9. a3 Nd7 10. e5 dxe5 11. O-O-O e4 12. Nxe4 Nf6 13. Qg5 Kf8 14. Nc5 Qd5 15.
Qf4 Be6 16. Qxc7 Rc8 17. Qa5 Ng4 18. Qxa6 Rxc5 19. dxc5 Bxb2+ 20. Kxb2 Qxd1 21.
Be2 Qd5 22. Bxg4 Bxg4 23. Qh6+ Kg8 24. Qh4 h5 25. Qxe7 Kh7 26. Qf6 Qe6 27. Qg5
Rg8 28. Qf4 Rg6 29. f3 Rf6 30. Qd4 Bf5 31. Ne2 Bg6 32. Ng3 Qc4 33. Qd2 Ra6 34.
Ne4 Bxe4 35. fxe4 Qxe4 36. Qf2 Qg6 37. Bd4 Re6 38. Bc3 Re4 39. c6 Rc4 40. c7
Rxc7 41. Qd4 f6 42. Qb6 Rf7 43. Qxb5 Qg5 44. Qc6 Rg7 45. Qf3 Qb5+ 46. Kc1 Qg5+
47. Kb2 Qb5+ 48. Kc1 Qg5+ 1/2-1/2

[Event "4NCL Div 2 2024-25"]
[Site "England ENG"]
[Date "2025.01.26"]
[Round "4.48"]
[White "Pandya, Dhairya"]
[Black "Chan, Nevil"]
[Result "0-1"]
[WhiteElo "1677"]
[BlackElo "1980"]
[WhiteTeam "Warwickshire Select 2"]
[BlackTeam "Cambridge University 1"]
[WhiteFideId "343400957"]
[BlackFideId "416738"]
[EventDate "2024.11.23"]

1. e4 b6 2. d4 Bb7 3. Nc3 e6 4. Nf3 Bb4 5. Bd3 Nf6 6. Qe2 d5 7. e5 Ne4 8. Bd2
Nxd2 9. Nxd2 c5 10. Bb5+ Kf8 11. dxc5 Bxc3 12. bxc3 bxc5 13. Rb1 Qc7 14. O-O a6
15. Ba4 Bc6 16. Bxc6 Nxc6 17. f4 g6 18. Qf2 Na5 19. Qh4 Qe7 20. Qh6+ Ke8 21. Rb6
Kd7 22. Rfb1 Kc7 23. Rd6 Rhb8 24. Rxb8 Kxb8 25. Qxh7 Ka7 26. c4 Nb7 27. cxd5
Nxd6 28. exd6 Qf6 29. dxe6 Qd4+ 30. Kf1 Qxf4+ 31. Kg1 Qe3+ 32. Kf1 Qxe6 33. Qh4
Qxd6 34. Qf2 Rd8 35. Ke1 f5 36. h4 Qe5+ 37. Kd1 Re8 38. Nb3 Kb6 39. Qd2 c4 40.
Qb4+ Qb5 41. Qd6+ Qc6 42. Qd4+ Kc7 43. Na5 Qd7 44. Qxd7+ Kxd7 45. Nxc4 Re4 46.
Nd2 Rxh4 47. Nf3 Rh1+ 48. Kd2 Ke6 49. Kd3 Ra1 50. Nd4+ Kf6 51. Kc4 Rxa2 52. Kd5
g5 53. c4 Rxg2 54. c5 Rd2 55. c6 Ke7 56. Ke5 Rxd4 57. Kxd4 Kd6 58. Ke3 a5 59.
Kd3 g4 60. Ke3 a4 61. Kf4 a3 62. c7 Kxc7 63. Kxf5 a2 64. Kxg4 a1=Q 65. Kf5 Qd4
66. Ke6 Qe4+ 67. Kf6 Kd7 68. Kf7 Qf5+ 0-1

[Event "4NCL Div 2 2024-25"]
[Site "England ENG"]
[Date "2025.01.26"]
[Round "4.51"]
[White "Korshunov, Sergey And."]
[Black "Macklin, Paul"]
[Result "1-0"]
[WhiteTitle "FM"]
[BlackTitle "FM"]
[WhiteElo "2351"]
[BlackElo "2293"]
[WhiteTeam "SchachAttack"]
[BlackTeam "Greater Woodpushers"]
[WhiteFideId "34274715"]
[BlackFideId "455865"]
[EventDate "2024.11.23"]

1. Nf3 Nf6 2. c4 c5 3. g3 Nc6 4. Bg2 d5 5. cxd5 Nxd5 6. O-O e5 7. Nc3 Nc7 8. d3
Be7 9. Be3 O-O 10. Qa4 Bd7 11. Rfc1 Kh8 12. Qd1 Rc8 13. a3 b6 14. Rab1 a5 15.
Nd2 Ne6 16. Nc4 Ned4 17. a4 Be6 18. Bd2 f6 19. e3 Nf5 20. Nb5 Nd6 21. Nbxd6 Bxd6
22. Qe2 Re8 23. Rd1 Bf8 24. Rbc1 Bf7 25. Be4 Qc7 26. Qf3 Red8 27. Bc3 Bg8 28. g4
Be7 29. Kh1 Nb4 30. g5 Na2 31. gxf6 Bxf6 32. Ra1 Nb4 33. Qh5 Re8 34. Rg1 Rcd8
35. Bxb4 axb4 36. Rg3 Re7 37. Rag1 Rf8 38. Rh3 h6 39. Qg6 Qd8 40. Nxb6 1-0

[Event "4NCL Div 2 2024-25"]
[Site "England ENG"]
[Date "2025.01.26"]
[Round "4.52"]
[White "Longson, Alexander"]
[Black "Taylor, Adam A"]
[Result "0-1"]
[WhiteTitle "FM"]
[WhiteElo "2233"]
[BlackElo "2270"]
[WhiteTeam "Greater Woodpushers"]
[BlackTeam "SchachAttack"]
[WhiteFideId "408093"]
[BlackFideId "415790"]
[EventDate "2024.11.23"]

1. e4 c5 2. Nf3 Nc6 3. Bb5 Nf6 4. e5 Nd5 5. Nc3 Nc7 6. Bxc6 dxc6 7. h3 Ne6 8. d3
g6 9. O-O Bg7 10. Re1 O-O 11. Re4 f5 12. Re1 Nd4 13. Bf4 h6 14. h4 Be6 15. Nd2
Qd7 16. a3 Bf7 17. Nf3 Ne6 18. Qd2 Kh7 19. Rad1 Nd4 20. Nh2 Rad8 21. Qc1 a5 22.
Na4 c4 23. Nb6 Qc7 24. Nxc4 Bxc4 25. dxc4 a4 26. Rd3 c5 27. Nf3 Nxf3+ 28. gxf3
Rxd3 29. cxd3 Rd8 30. Qe3 Rd4 31. Rc1 e6 32. Bg3 Qd8 33. f4 Bf8 34. Qf3 Qb6 35.
Rc2 Qb3 36. Rd2 Rxc4 37. Kg2 Rd4 38. Kh2 c4 39. h5 Rxd3 40. Rxd3 cxd3 41. hxg6+
Kxg6 42. Qe3 Qd5 43. Qd2 Bc5 44. Bh4 Qf3 0-1

[Event "4NCL Div 2 2024-25"]
[Site "England ENG"]
[Date "2025.01.26"]
[Round "4.53"]
[White "Verbytski, Oleg"]
[Black "Jackson, Edward"]
[Result "0-1"]
[BlackTitle "CM"]
[WhiteElo "2077"]
[BlackElo "2165"]
[WhiteTeam "SchachAttack"]
[BlackTeam "Greater Woodpushers"]
[WhiteFideId "495506"]
[BlackFideId "464635"]
[EventDate "2024.11.23"]

1. e4 c5 2. Nf3 a6 3. b4 cxb4 4. a3 b3 5. cxb3 d5 6. exd5 Nf6 7. Nc3 g6 8. d4
Bg7 9. Bf4 Nxd5 10. Nxd5 Qxd5 11. Bc4 Qe4+ 12. Be3 O-O 13. O-O Bg4 14. Ng5 Bxd1
15. Nxe4 Bc2 16. Ng3 Nc6 17. Rac1 Bf5 18. Nxf5 gxf5 19. d5 Na5 20. Bc5 b5 21.
Bxe7 bxc4 22. Bxf8 Bxf8 23. bxc4 Bxa3 24. Rc3 Bc5 25. Rf3 Re8 26. h3 Re5 27. g3
Kg7 28. Ra1 Nxc4 29. Rc1 Nd2 30. Rfc3 Bb4 31. Rd3 Ne4 32. Kg2 Nd6 33. Rd4 a5 34.
Rc6 Nb5 35. Rd3 Re7 36. g4 fxg4 37. hxg4 Re4 38. d6 Nxd6 39. Rdxd6 Bxd6 40. Rxd6
Rxg4+ 41. Kf3 Ra4 42. Ra6 f6 43. Kg3 Kg6 44. Ra7 h5 45. Kh3 Kf5 46. Ra6 Kg5 47.
Kg3 Ra3+ 48. Kg2 f5 49. Kh2 h4 50. Kg2 a4 51. Ra8 Kf4 52. Ra5 Kg4 53. Ra8 h3+
54. Kh2 Ra2 55. Kg1 h2+ 56. Kh1 f4 57. Rf8 Kf3 58. Rf7 a3 59. Rf8 Rb2 60. Ra8 a2
61. Ra3+ Kg4 62. f3+ Kg3 63. Rb3 a1=R# 0-1

[Event "4NCL Div 2 2024-25"]
[Site "England ENG"]
[Date "2025.01.26"]
[Round "4.54"]
[White "McLean, Robert"]
[Black "Waller, Dan"]
[Result "1/2-1/2"]
[WhiteElo "2038"]
[BlackElo "2099"]
[WhiteTeam "Greater Woodpushers"]
[BlackTeam "SchachAttack"]
[WhiteFideId "434922"]
[BlackFideId "451053"]
[EventDate "2024.11.23"]

1. e4 c5 2. f4 g6 3. d4 cxd4 4. Qxd4 Nf6 5. e5 Nc6 6. Qd3 Ng4 7. h3 Nh6 8. g4 d6
9. Nf3 Bg7 10. Nc3 Be6 11. Be3 dxe5 12. Nxe5 Nxe5 13. Qxd8+ Rxd8 14. fxe5 O-O
15. Bg2 Bc4 16. Bf1 Bxf1 17. Rxf1 a6 18. Ke2 f5 19. exf6 exf6 20. Rad1 f5 21.
Bxh6 Bxh6 22. Rxd8 Rxd8 23. Rd1 Rxd1 24. Nxd1 fxg4 25. hxg4 Kf7 26. Kf3 Ke6 27.
Ke4 Bc1 28. b3 h5 29. Nf2 h4 30. Nd3 Ba3 31. Nf4+ Kf6 32. Nh3 Ke6 33. Nf4+ Kf6
34. Nh3 Ke6 1/2-1/2

[Event "4NCL Div 2 2024-25"]
[Site "England ENG"]
[Date "2025.01.26"]
[Round "4.55"]
[White "Wilks, Simon"]
[Black "Smith, Alan A"]
[Result "1-0"]
[WhiteElo "2058"]
[BlackElo "2190"]
[WhiteTeam "SchachAttack"]
[BlackTeam "Greater Woodpushers"]
[WhiteFideId "427357"]
[BlackFideId "401498"]
[EventDate "2024.11.23"]

1. e4 e5 2. Nf3 d6 3. d4 exd4 4. Nxd4 Nf6 5. Nc3 Be7 6. Bf4 O-O 7. Qd2 c6 8. f3
d5 9. O-O-O dxe4 10. Nxe4 Nxe4 11. fxe4 Bg4 12. Be2 Bxe2 13. Qxe2 Bg5 14. g3 Qa5
15. Kb1 Bxf4 16. gxf4 Nd7 17. Nf5 Nf6 18. Qg2 g6 19. Qg5 1-0